000 00745nam a2200289Ia 4500
005 20260324120151.0
008 008 260324s9999 xx 000 0 eng d
020 _a9781315768403
037 _aEBOOK
040 _aCRL
040 _beng
040 _cCRL
041 _2eng
041 _aeng
084 _qCRL
100 _aPhil Allmendinger; Graham Haughton; Jörg Knieling; Frank Othengrafen
_91157503
245 0 _aSoft Spaces in Europe
245 0 _bRe-negotiating governance, boundaries and borders
260 _bTaylor and Francis
260 _c2015
365 _a
365 _b240
856 _uhttp://www.taylorfrancis.com/books/9781315768403
942 _cEBOOK
999 _c1748873
_d1748873